| 000 | 00375nam a2200133 4500 | ||
|---|---|---|---|
| 005 | 20260120115819.0 | ||
| 008 | 260120b |||||||| |||| 00| 0 eng d | ||
| 020 | _a9789352694983 | ||
| 100 | _aSharma Lata | ||
| 245 |
_aTheoretical Computer Science _c/Lata Sharma |
||
| 260 |
_aNew Delhi; _bRandom Publications; _c2020. |
||
| 300 |
_aviii, 318p.;ill. _c23.5cm. |
||
| 942 |
_2lcc _n0 _cBK |
||
| 999 |
_c141 _d141 |
||